000 00492nam a2200181Ia 4500
005 20250317123137.0
008 008 250317s9999 xx 000 0 eng d
037 _aTextbook
040 _aFMSL
_beng
_cFMSL
041 _aeng
_2eng
084 _aB28 N3
_qFMSL
100 _aHays W L
245 0 _aStatistics for the social sciences
260 _aLondon Holt
_bLondon Holt, Rinehart
_c1973
300 _a954p
942 _cTB
_hB28 N3
999 _c1250046
_d1250046